| 000 | 01175nam a2200289Ia 4500 | ||
|---|---|---|---|
| 005 | 20220317000335.0 | ||
| 008 | 141031s2012 mx a0 sga d s spa | ||
| 020 | _a9786071507600 | ||
| 082 | 0 | 4 |
_a512.5 _bG76a1 |
| 100 | 1 | _aGrossman, Stanley I. | |
| 245 | 1 | 0 |
_aÁlgebra lineal _cStanley I. Grossman S. ; adaptado por José Job Flores Godoy |
| 250 | _aSeptima edición | ||
| 264 | 1 |
_aMéxico _bMcGraw-Hill _c2012 |
|
| 300 |
_axxi, 742 páginas _bilustraciones, gráficos, cuadros _c24 cm. |
||
| 336 |
_atexto _btxt _2rdacontent |
||
| 337 |
_asin mediación _bn _2rdamedia |
||
| 338 |
_avolumen _bnc _2rdacarrier |
||
| 500 | _aIncluye índice y problemas con Matlab | ||
| 505 | _aSistemas de ecuaciones lineales y matrices -- Determinantes -- Vectores en R2 y R3 -- Espacios vectoriales -- Transformaciones lineales -- Valores característicos, vectores característicos y formas canónicas | ||
| 650 | 1 | 4 |
_2LEMB _aÁlgebra lineal |
| 650 | 1 | 4 |
_2LEMB _aÁlgebra lineal _xProblemas, ejercicios, etc |
| 650 | 1 | 4 |
_2LEMB _aEcuaciones lineales |
| 650 | 1 | 4 |
_2LEMB _aMatrices |
| 650 | 1 | 4 |
_2LEMB _aEcuaciones matemáticas |
| 942 |
_2ddc _cBK |
||
| 040 |
_aCO-BoRNBP _bspa _erda _cCO-BoRNBP |
||
| 999 |
_c3770 _d3770 |
||